Bilecik Bilecik Bilecik Bilecik Bilecik

Halk şiirimiz/ (Record no. 9754)

MARC details
000 -BAŞLIK
Sabit Uzunluktaki Kontrol Alanı 02024nam a22003497a 4500
001 - KONTROL NUMARASI
Control Dosyası 0009782
003 - KONTROL NUMARASI KİMLİĞİ
Kontrol Alanı KOHA_MİRAKIL
005 - EN SON İŞLEM TARİHİ ve ZAMANI
Kontrol Alanı 20260207001721.0
007 - FİZİKSEL TANIM SABİT ALAN - GENEL BİLGİ
Sabit uzunluklu kontrol alanı ta
008 - SABİT UZUNLUKTAKİ VERİ ÖGELERİ - GENEL BİLGİ
Sabit Alan 091026b2007 tu |||gr||||#0|||1|tur |
020 ## - ISBN - ULUSLARARASI STANDART KİTAP NUMARASI
Isbn 9789754376548
040 ## - KATALOGLAMA KAYNAĞI
Özgün Kataloglama Kurumu TR-BiSEU
Kataloglama Dili tur
Çeviri Kurumu TR-BiSEU
Açıklama Kuralları rda
041 0# - DİL KODU
Metin ya da ses kaydının dil kodu tur
044 ## - YAYINLAYAN/ÜRETEN KURULUŞUN ÜLKE KODU
ISO country code tu
050 ## - SINIFLAMA ve YER NUMARASI
Sınıflama Numarası PL230.7
Yer Numarası .B34 2007
100 1# - KİŞİ ADI
Yazar Adı (Kişi adı) Bakırcıoğlu, N. Ziya.
245 1# - ESER ADI BİLDİRİMİ
Başlık Halk şiirimiz/
Sorumluluk Bildirimi N. Ziya Bakırcıoğlu ; N. Ziya Bakırcıoğlu.
264 #1 - ÜRERİM, YAYIN, DAĞITIM ve TELİF BİLDİRİMİ
Yayın yeri İstanbul :
Yayınlayan Ötüken Neşriyat
Yayın tarihi 2007
300 ## - FİZİKSEL TANIMLAMA
Sayfa, Cilt vb. 496 sayfa; 20 cm.
336 ## - İÇERİK TÜRÜ
Content type term metin
Content type code txt
Source rdacontent
337 ## - MEDYA TÜRÜ
Media type term aracısız
Media type code n
Source rdamedia
338 ## - TAŞIYICI TÜRÜ
Carrier type term cilt
Carrier type code nc
Source rdacarrier
490 1# - DİZİ BİLDİRİMİ
Dizi Bildirimi Yayın Nu ;
Cilt Numarası 701.
490 1# - DİZİ BİLDİRİMİ
Dizi Bildirimi Edebi eserler ;
Cilt Numarası 312.
500 ## - GENEL NOT
Genel Not Kaynakça var.
505 ## - İÇİNDEKİLER NOTU
İçindekiler Notu Eserin gayesi Türk halk şiirinin yüzlerce yıllık mâcerasının derli toplu bir görüntüsünü vermektir. Bunu yaparken temel bilgiler kısa; metinler ise mümkün olduğu kadar geniş tutulmuştur. Metin seçiminde, temel bilgileri örneklendiren şiirler göz önünde bulundurulmakla birlikte; -kendimizce- güzel olduğuna inandığımız şiirlere daha çok yer verilmiştir. Eserdeki şiirlerin çoğunu Anadolu halk şiiri örnekleri teşkil etmektedir. Fakat bunun yanında ninni, türkü, mâni gibi çok zengin anonim ürünleri ve yüzlerce şairin temsil ettiği âşık edebiyatı zenginliği ile Azerbaycan coğrafyasından da örnekler seçilmiştir. Azeri sahasından alınan örnekler orijinal şekliyle yani Azerbaycan Türkçesi'yledir. Halk şiirimiz her geçen gün zenginliğini artırmaya devam etmektedir. Çünkü o, divan şiiri gibi devrini tamamlamış bir şiir değil, aksine son derece dinamik bir edebiyat sahasıdır. Bu kitap, bu büyük ve eşsiz kaynaktan bir damlacık, bir güldeste sunabilmek emelini taşıyor.
650 #0 - KONU BAŞLIĞI EK GİRİŞ - KONU TERİMİ
Konusal terim veya coğrafi ad Halk şiiri.
9 (RLIN) 24125
830 1# - SERİ EK GİRİŞİ - TEKBİÇİM ESER ADI
Tekbiçim Başlık Yayın Nu ;
Volume number/sequential designation 701.
9 (RLIN) 6553
830 1# - SERİ EK GİRİŞİ - TEKBİÇİM ESER ADI
Tekbiçim Başlık Edebi eserler ;
Volume number/sequential designation 312.
9 (RLIN) 7086
907 ## - LOCAL DATA ELEMENT G, LDG (RLIN)
a Şiir
942 ## - EK GİRİŞ ÖGELERİ (KOHA)
Source of classification or shelving scheme Library of Congress Classification
Koha item type Book
Holdings
Materyal Türü Kalıcı Konum Mevcut Konum Raf Yeri Sınıflandırma Kaynağı Edinim Bilgisi Ana Konular Alt Konular Yer Numarası Demirbaş Numarası Fatura Tarihi Maliyet, Alış Fiyatı Maliyet, Yenileme Fiyatı Geri Çekilme Durumu Kayıp Durumu Hasarlı Durumu Kredi için değil Kayıt Tarih Toplam Ödünçverme Son Görülme Tarihi Son Kontrol Tarihi Genel / Bağış Notu
Book Prof. Dr. Azmi Özcan Kütüphanesi Prof. Dr. Azmi Özcan Kütüphanesi Birûni Salonu Library of Congress Classification Bağış DİL VE EDEBİYAT Doğu Asya, Afrika, Okyanusya Dilleri ve Edebiyatları PL230.7 .B34 2007 0009782 13/08/2010 15.00 15.00         26/10/2009 8 05/12/2024 05/12/2024 Ötüken Yayınevi